Normal view MARC view
  • INTERNATIONAL CONFLICT RESOLUTION ROLE OF THE UN AND THE OIC

Entry Topical Term

Number of records used in: 1

001 - CONTROL NUMBER

  • control field: 57254

003 - CONTROL NUMBER IDENTIFIER

  • control field: NUST

005 - DATE AND TIME OF LATEST TRANSACTION

  • control field: 20210628201900.0

008 - FIXED-LENGTH DATA ELEMENTS

  • fixed length control field: 210628|| aca||aabn | a|a d

040 ## - CATALOGING SOURCE

  • Original cataloging agency: NUST
  • Transcribing agency: NUST

150 ## - HEADING--TOPICAL TERM

  • Topical term or geographic name entry element: INTERNATIONAL CONFLICT RESOLUTION ROLE OF THE UN AND THE OIC

670 ## - SOURCE DATA FOUND

  • Source citation: Work cat.: (NUST): Dr Shahid Ahmad Hashmat, Hashmat, Shahid Ahmad. Dr 57253, International conflict resolution role of the un and the oic, 2014
© 2023 Central Library, National University of Sciences and Technology. All Rights Reserved.